भूकम्प / (Record no. 11808)
[ view plain ]
| 000 -LEADER | |
|---|---|
| fixed length control field | 01657 a2200253 4500 |
| 005 - DATE AND TIME OF LATEST TRANSACTION | |
| control field | 20080826154329.0 |
| 008 - FIXED-LENGTH DATA ELEMENTS--GENERAL INFORMATION | |
| fixed length control field | 080826t xxu||||| |||| 00| 0 hin d |
| 010 ## - LCCN (DPL NO) | |
| LC control number | HIN-83161 |
| 020 ## - INTERNATIONAL STANDARD BOOK NUMBER | |
| Terms of availability | 50.00 |
| International Standard Book Number | 8123014104 |
| 035 ## - SYSTEM CONTROL NUMBER | |
| System control number | HN-55507 |
| 037 ## - SOURCE OF ACQUISITION | |
| Source of stock number/acquisition | पु.प्र.अ.प्र /वित |
| 082 ## - DEWEY DECIMAL CLASSIFICATION NUMBER | |
| Classification number | 363.3495 |
| 100 ## - MAIN ENTRY--PERSONAL NAME | |
| Personal name | भाटिया, सुदर्शन कुमार |
| 245 ## - TITLE STATEMENT | |
| Title | भूकम्प / |
| Statement of responsibility, etc | सुदर्शन कुमार भाटिया |
| 246 ## - VARYING FORM OF TITLE | |
| Title proper/short title | Bhukamp |
| Remainder of title | by Sudarshan kumar Bhatia |
| 260 ## - PUBLICATION, DISTRIBUTION, ETC. (IMPRINT) | |
| Place of publication, distribution, etc | नई दिल्ली |
| Name of publisher, distributor, etc | प्रकाशन विभाग |
| Date of publication, distribution, etc | 2008 |
| 260 ## - PUBLICATION, DISTRIBUTION, ETC. (IMPRINT) | |
| Place of publication, distribution, etc | दिल्ली |
| Name of publisher, distributor, etc | भारत पुस्तक भंडार (वितरक) |
| 270 ## - ADDRESS | |
| Address | सूचना और प्रसारण मंत्रालय,भारत सरकार,सी.जी.ओ.काम्प्लेक्स,लोधी रोड |
| City | नई दिल्ली़ |
| Postal code | 110003 |
| 270 ## - ADDRESS | |
| Address | फेस ई 1/265 ए, गली नं-16, सोनिया विहार |
| City | दिल्ली |
| State or province | 10094 |
| 300 ## - PHYSICAL DESCRIPTION | |
| Extent | 65पृ |
| Dimensions | 22 सेमी अजिल्द) |
| 942 ## - ADDED ENTRY ELEMENTS (KOHA) | |
| Institution code [OBSOLETE] | dpl |
| Item type | Hindi Books |
| Call number prefix | 363.3495 / भाटिया |
| Source of classification or shelving scheme | Dewey Decimal Classification |
| Classification part | 363.3495 |
| Call number suffix | भाटिया |
| Withdrawn status | Lost status | Source of classification or shelving scheme | Damaged status | Not for loan | Home library | Current library | Date acquired | Cost, normal purchase price | Total Checkouts | Full call number | Barcode | Date last seen | Copy number | Cost, replacement price | Koha item type | Collection code | Source of acquisition |
|---|---|---|---|---|---|---|---|---|---|---|---|---|---|---|---|---|---|
| Dewey Decimal Classification | D.B.Act.Division | D.B.Act.Division | 50.00 | 363.3495 भाटिया | HN-55507 | 15/09/2008 | 1 | 50.00 | Hindi Books | ||||||||
| Withdrawn | Dewey Decimal Classification | Janak Puri | Janak Puri | 15/09/2009 | 50.00 | 7 | 363.3495 भाटिया | B-358221 | 12/03/2010 | 1 | 50.00 | Hindi Books | Non-fiction | DBAD / PUB |
